Drama and imagery in English medieval churches

Saved in:
Bibliografiske detaljer
Hovedforfatter: ANDRESON, M. A.
Format: Bog
Sprog:engelsk
Udgivet: Cambridge University Press 2013
Tags: Tilføj Tag
Ingen Tags, Vær først til at tagge denne postø!

MARC

LEADER 00000nam a22000007a 4500
008 210830b ||||| |||| 00| 0 eng d
020 |a 9781107613768 
100 |a ANDRESON, M. A. 
245 |a Drama and imagery in English medieval churches  |c M.D. Anderson  |g xi,348p.:ill. 
260 |b Cambridge University Press  |c 2013  |h New York  |i 696132  |i 696133  |i 696134  |i 696135  |l PR641.An2  |m Art, English  |m Art, medieval  |m Art and literature 
500 |a It includes bibliography and index 
942 |a lcc  |c BK  |e Kuteyi, M. A.  |f 30/8/2021 
952 |0 0  |1 0  |2 lcc  |4 0  |6 PR0641 A N2  |7 0  |9 3327  |a HOL  |b HOL  |c LP  |d 2021-08-30  |l 0  |o PR641.An2  |p 2021-67036  |r 2021-08-30 00:00:00  |w 2021-08-30  |y BK 
952 |0 0  |1 0  |2 lcc  |4 0  |6 PR0641 A N2  |7 0  |9 3328  |a HOL  |b HOL  |c LP  |d 2021-08-30  |l 0  |o PR641.An2  |p 2021-67037  |r 2021-08-30 00:00:00  |w 2021-08-30  |y BK 
952 |0 0  |1 0  |2 lcc  |4 0  |6 PR0641 A N2  |7 0  |9 3329  |a HOL  |b ART  |c LP  |d 2021-08-30  |l 0  |o PR641.An2  |p 2021-67038  |r 2021-08-30 00:00:00  |w 2021-08-30  |y BK 
952 |0 0  |1 0  |2 lcc  |4 0  |6 PR0641 A N2  |7 0  |9 3330  |a HOL  |b ART  |c LP  |d 2021-08-30  |l 0  |o PR641.An2  |p 2021-67039  |r 2021-08-30 00:00:00  |w 2021-08-30  |y BK 
999 |c 1660  |d 1660